| 000 | 01183nam a2200325 a 4500 | ||
|---|---|---|---|
| 001 | 2913123 | ||
| 003 | ARRUPE | ||
| 005 | 20141126122638.0 | ||
| 008 | 880330s1989 cau b 000 0 eng | ||
| 010 | _a 88081037 | ||
| 020 | _a0155948911 | ||
| 040 |
_aDLC _cDLC _dDLC |
||
| 050 | 0 | 0 |
_aBJ1012 _b.V45 1989 |
| 082 | 0 | 0 |
_a170 _220 |
| 100 |
_aSommers, Christina Hoff. _912838 |
||
| 245 | 0 | 0 |
_aVice & virtue in everyday life : _bintroductory readings in ethics / _c[compiled by] Christina Sommers, Fred Sommers ; under the general editorship of Robert J. Fogelin. |
| 250 | _a2nd ed. | ||
| 260 |
_aSan Diego : _bHarcourt Brace Jovanovich, _cc1989. |
||
| 300 |
_aix, 849 p. ; _c22 cm. |
||
| 504 | _aIncludes bibliographical references. | ||
| 650 | 0 |
_aEthics. _912839 |
|
| 650 | 0 |
_aSocial ethics. _912840 |
|
| 700 | 1 |
_aSommers, Christina Hoff. _912841 |
|
| 700 | 1 |
_aSommers, Frederic Tamler, _d1923- _912842 |
|
| 700 | 1 |
_aFogelin, Robert J. _912843 |
|
| 740 | 0 | _aVice and virtue in everyday life. | |
| 906 |
_a7 _bcbc _corignew _d3 _eopcn _f19 _gy-gencatlg |
||
| 942 |
_2lcc _cMONOGRAPH |
||
| 999 |
_c121311 _d121311 |
||